Poética para un poeta : (Record no. 93710)

MARC details
000 -LEADER
campo de control de longitud fija 00882nam a2200229 i 4500
001 - NÚMERO DE CONTROL
campo de control 93710
003 - IDENTIFICADOR DE NÚMERO DE CONTROL
campo de control ES-MaACL
005 - FECHA Y HORA DE LA ÚLTIMA TRANSACCIÓN
campo de control 20250803064616.0
007 - CAMPO FIJO DE DESCRIPCIÓN FÍSICA--INFORMACIÓN GENERAL
campo de control de longitud fija t|
008 - DATOS DE LONGITUD FIJA--INFORMACIÓN GENERAL
campo de control de longitud fija 050418s1972 sp |||| | spa d
080 ## - NÚMERO DE LA CLASIFICACIÓN DECIMAL UNIVERSAL
Número de la Clasificación Decimal Universal 821.134.2 Bécquer, Gustavo Adolfo 1.07
100 0# - ENTRADA PRINCIPAL--NOMBRE DE PERSONA
Nombre de persona López Estrada, Francisco,
Fechas asociadas al nombre 1918-2010
9 (RLIN) 73627
245 10 - MENCIÓN DEL TÍTULO
Título Poética para un poeta :
Resto del título las "Cartas literarias a una mujer" de Bécquer /
Mención de responsabilidad, etc. Francisco López Estrada.
260 ## - PUBLICACIÓN, DISTRIBUCIÓN, ETC.
Lugar de publicación, distribución, etc. Madrid :
Nombre del editor, distribuidor, etc. Gredos,
Fecha de publicación, distribución, etc. 1972.
300 ## - DESCRIPCIÓN FÍSICA
Extensión 246 p. ;
Dimensiones 21 cm.
490 1# - MENCIÓN DE SERIE
Mención de serie Biblioteca románica hispánica II. Estudios y ensayos ;
Designación de volumen o secuencia 176
600 14 - PUNTO DE ACCESO ADICIONAL DE MATERIA--NOMBRE DE PERSONA
Nombre de persona Bécquer, Gustavo Adolfo,
Fechas asociadas al nombre 1836-1870-
Subdivisión general Crítica e interpretación
9 (RLIN) 26977
740 02 - ENTRADA AGREGADA--TÍTULO RELACIONADO/ANALÍTICO NO CONTROLADO
Título relacionado o analítico no controlado Cartas literarias a una mujer.
830 1# - PUNTO DE ACCESO ADICIONAL DE SERIE-TÍTULO UNIFORME
Título uniforme Biblioteca románica hispánica II. Estudios y ensayos ;
Designación de volumen o secuencia 176
9 (RLIN) 178108
852 4# - LOCALIZACIÓN
Ubicación ES-MaACL
Número de control de estantería C-54267
Holdings
Estatus retirado Estado de pérdida Estado de daño No para préstamo Biblioteca de origen Biblioteca actual Ubicación en estantería Fecha de adquisición Fuente de adquisición Total de préstamos Signatura topográfica completa Código de barras Visto por última vez Precio de reemplazo Tipo de ítem Koha
        Biblioteca del Ateneo de Madrid Biblioteca del Ateneo de Madrid Depósito 2 17/01/2008     C-54267 1097861 23/02/2023 23/02/2023 Libro impreso